Marketing strategy and plan (Record no. 35471)

MARC details
000 -LEADER
fixed length control field 00301nam a2200121Ia 4500
082 ## - DEWEY DECIMAL CLASSIFICATION NUMBER
Classification number 339.138
Item number LUC
100 ## - MAIN ENTRY--AUTHOR NAME
Personal name Ferrell, O C
245 #0 - TITLE STATEMENT
Title Marketing strategy and plan
260 ## - PUBLICATION, DISTRIBUTION, ETC. (IMPRINT)
Place of publication New Jersey
Name of publisher Prentice Hall
Year of publication 1979
700 ## - ADDED ENTRY--PERSONAL NAME
Personal name David J
942 ## - ADDED ENTRY ELEMENTS (KOHA)
Koha item type Books
Holdings
Withdrawn status Lost status Damaged status Not for loan Home library Current library Date acquired Cost, normal purchase price Full call number Accession Number Koha item type
        RRII Library RRII Library 16/12/2021 18.95 339.138 LUC 15895 Books